| 000 | 00610cam a2200205 a 4500 | ||
|---|---|---|---|
| 020 | _a0675020875 | ||
| 020 | _a9780675020879 | ||
| 020 | _a0675180023 (teacher guide) | ||
| 020 | _a9780675180023 (teacher guide) | ||
| 040 | _cDLC | ||
| 082 | 0 | 0 | _a320 MER 1991 A108 Or. |
| 100 | 1 | _aTurner, Mary Jane, | |
| 245 | 1 | 0 |
_aAmerican government : _bprinciples and practices / |
| 250 | _aTeacher annotated ed. | ||
| 260 |
_aColumbus, Ohio : _bMerrill Pub. Co., _cc1991. |
||
| 300 |
_axix, 748 p. : _bill. (some col.) ; _c27 cm. |
||
| 700 | 1 | _aSwitzer, Kenneth A. | |
| 700 | 1 | _aRedden, Charlotte Ann. | |
| 942 | _cEK | ||
| 999 |
_c16643 _d16643 |
||